ბათუმის შოთა რუსთაველის სახელმწიფო უნივერსიტეტის ბიბლიოთეკა

Новые облегченные конструкции подпорных стен. (ბიბ.ჩანაწერი № 50955)

000 -LEADER
fixed length control field 00633nam a2200205Ia 4500
001 - CONTROL NUMBER
control field 17912
003 - CONTROL NUMBER IDENTIFIER
control field GE_BSU
008 - FIXED-LENGTH DATA ELEMENTS--GENERAL INFORMATION
fixed length control field 181216s||||||||xx |||||||||||||| ||und||
040 ## - CATALOGING SOURCE
Transcribing agency GE_BSU
080 ## - UNIVERSAL DECIMAL CLASSIFICATION NUMBER
Universal Decimal Classification number 624.137.5
100 ## - MAIN ENTRY--PERSONAL NAME
Personal name Цагарели,З.В.
245 ## - TITLE STATEMENT
Title Новые облегченные конструкции подпорных стен.
260 ## - PUBLICATION, DISTRIBUTION, ETC.
Place of publication, distribution, etc. М.
260 ## - PUBLICATION, DISTRIBUTION, ETC.
Name of publisher, distributor, etc. Стройиздат.
260 ## - PUBLICATION, DISTRIBUTION, ETC.
Date of publication, distribution, etc. 1969.
300 ## - PHYSICAL DESCRIPTION
Extent 207 стр. с илл. 20 см.
300 ## - PHYSICAL DESCRIPTION
Accompanying material Библиогр.: стр. 200.
653 ## - INDEX TERM--UNCONTROLLED
Uncontrolled term Новые облегченные конструкции подпорных стен.
942 ## - ADDED ENTRY ELEMENTS (KOHA)
Koha item type წიგნი
ეგზემპლარები
Withdrawn status Lost status Damaged status Not for loan Date acquired Barcode Date last seen Price effective from Koha item type
        2018-12-17 12294 2018-12-17 2018-12-17 წიგნი
        2018-12-17 12295 2018-12-17 2018-12-17 წიგნი